000 00770nam a2200181Ia 4500
008 090124s9999 xx 000 0 und d
082 _b35224
100 _aवाळिंबे वि. स.
245 _a स्वातंत्र्यसंग्राम : ज्ञात आणि अज्ञात
250 _a1
260 _bनवचैतन्य प्रकाशन
_c1998
300 _a191
600 _aवाळिंबे वि. स.
630 _a स्वातंत्र्यसंग्राम : ज्ञात आणि अज्ञात
700 _aवाळिंबे वि. स.
730 _a स्वातंत्र्यसंग्राम : ज्ञात आणि अज्ञात
942 _cBOOK
999 _c101247
_d101247